Hepatology (Record no. 17087)
[ view plain ]
| 000 -LEADER | |
|---|---|
| fixed length control field | 00244nam a22001097a 4500 |
| 008 - FIXED-LENGTH DATA ELEMENTS--GENERAL INFORMATION | |
| fixed length control field | 140514t xxu||||| |||| 00| 0 eng d |
| 020 ## - INTERNATIONAL STANDARD BOOK NUMBER | |
| International Standard Book Number | 978-3-924774-63-9 |
| 100 ## - MAIN ENTRY--PERSONAL NAME | |
| Personal name | Stefan Mauss |
| 9 (RLIN) | 844 |
| 245 ## - TITLE STATEMENT | |
| Title | Hepatology |
| 300 ## - PHYSICAL DESCRIPTION | |
| Extent | 499 |
| 942 ## - ADDED ENTRY ELEMENTS (KOHA) | |
| Source of classification or shelving scheme | |
| Koha item type | Book |
| Withdrawn status | Lost status | Source of classification or shelving scheme | Damaged status | Not for loan | Collection code | Permanent Location | Current Location | Date acquired | Total Checkouts | Full call number | Barcode | Date last seen | Price effective from | Koha item type |
|---|---|---|---|---|---|---|---|---|---|---|---|---|---|---|
| Atta-ur-Rahman School of Applied Biosciences (ASAB) | Atta-ur-Rahman School of Applied Biosciences (ASAB) | 05/14/2014 | 616.36 MAU | ASAB1309 | 05/14/2014 | 05/14/2014 | Book | |||||||
| Atta-ur-Rahman School of Applied Biosciences (ASAB) | Atta-ur-Rahman School of Applied Biosciences (ASAB) | 05/14/2014 | 616.36 MAU | ASAB1308 | 05/14/2014 | 05/14/2014 | Book | |||||||
| Atta-ur-Rahman School of Applied Biosciences (ASAB) | Atta-ur-Rahman School of Applied Biosciences (ASAB) | 05/14/2014 | 616.36 MAU | ASAB1307 | 05/14/2014 | 05/14/2014 | Book | |||||||
| Atta-ur-Rahman School of Applied Biosciences (ASAB) | Atta-ur-Rahman School of Applied Biosciences (ASAB) | 05/14/2014 | 616.36 MAU | ASAB1306 | 05/14/2014 | 05/14/2014 | Book | |||||||
| Atta-ur-Rahman School of Applied Biosciences (ASAB) | Atta-ur-Rahman School of Applied Biosciences (ASAB) | 05/14/2014 | 616.36 MAU | ASAB1305 | 05/14/2014 | 05/14/2014 | Book |
